Los caminos actuales de la crítica / (Registro nro. 122206)

Detalles MARC
000 -LEADER
campo de control de longitud fija 00731nam a2200217 i 4500
001 - NÚMERO DE CONTROL
campo de control 122206
003 - IDENTIFICADOR DE NÚMERO DE CONTROL
campo de control ES-MaACL
005 - FECHA Y HORA DE LA ÚLTIMA TRANSACCIÓN
campo de control 20240312150859.0
007 - CAMPO FIJO DE DESCRIPCIÓN FÍSICA--INFORMACIÓN GENERAL
campo de control de longitud fija t|
008 - DATOS DE LONGITUD FIJA--INFORMACIÓN GENERAL
campo de control de longitud fija 070214s1969 sp a |||| | spa d
245 04 - MENCIÓN DEL TÍTULO
Título Los caminos actuales de la crítica /
Mención de responsabilidad, etc. dirigido por Georges Poulet ; con una sección bibliográfica de Dominique Noguez ; traducción de Gonzalo Suárez Gómez.
250 ## - MENCION DE EDICION
Mención de edición 1ª ed.
260 ## - PUBLICACIÓN, DISTRIBUCIÓN, ETC.
Lugar de publicación, distribución, etc. Barcelona :
Nombre del editor, distribuidor, etc. Planeta,
Fecha de publicación, distribución, etc. 1969.
300 ## - DESCRIPCIÓN FÍSICA
Extensión 355 p. :
Otras características físicas il. ;
Dimensiones 22 cm.
650 #4 - PUNTO DE ACCESO ADICIONAL DE MATERIA--TÉRMINO DE MATERIA
Término de materia o nombre geográfico como elemento de entrada Crítica literaria-
Subdivisión cronológica S.XX.
9 (RLIN) 11452
700 1# - ENTRADA AGREGADA--NOMBRE PERSONAL
Nombre de persona Poulet, Georges.
9 (RLIN) 93441
700 1# - ENTRADA AGREGADA--NOMBRE PERSONAL
Nombre de persona Noguez, Dominique.
9 (RLIN) 85896
700 1# - ENTRADA AGREGADA--NOMBRE PERSONAL
Nombre de persona Suárez Gómez, Gonzalo
9 (RLIN) 108625
852 ## - LOCALIZACIÓN
Ubicación ES-MaACL
Número de control de estantería C-38581
Existencias
Estatus retirado Estado de pérdida Estado de daño No para préstamo Biblioteca de origen Biblioteca actual Ubicación en estantería Fecha de adquisición Fuente de adquisición Total de préstamos Signatura topográfica completa Código de barras Visto por última vez Precio de reemplazo Tipo de ítem Koha
        Biblioteca del Ateneo de Madrid Biblioteca del Ateneo de Madrid Depósito 2 17/01/2008     C-38581 1127349 23/02/2023 23/02/2023 Libro impreso